| 000 | 00674nam a2200205 a 4500 | ||
|---|---|---|---|
| 001 | 1882 | ||
| 005 | 20140414132024.0 | ||
| 008 | 020311s19uu xx 00 eng d | ||
| 020 | _a0-00-171205-5 | ||
| 050 |
_aTR _bH19 1969 |
||
| 100 | _aPerkins, Al | ||
| 245 |
_aHand, hand, fingers, thumb / _cby Al Perkins ; illustrated by Eric Gurney. |
||
| 260 |
_aNew York : _bRandom House, _c1969. |
||
| 300 | _a1 v. p. : ill. ; cm. | ||
| 440 | _aBeginner Books for Beginning Beginners. | ||
| 520 | _aEasy-to-read rhyming text describes what can be done on a drum with hand, fingers, and thumb. | ||
| 650 | _aStories in rhyme. | ||
| 650 |
_aHands _xFiction. |
||
| 999 |
_c113521 _d113521 |
||